AH International Schools' Libraries

Circle & square: (Record no. 49321)

MARC details
000 -LEADER
fixed length control field 00309nam a2200109 4500
020 ## - INTERNATIONAL STANDARD BOOK NUMBER
International Standard Book Number 9781789583700
100 ## - MAIN ENTRY--PERSONAL NAME
Personal name Isaacs, Connie
9 (RLIN) 82805
245 ## - TITLE STATEMENT
Title Circle & square:
Remainder of title lets learn shape /
Statement of responsibility, etc Connie Isaacs
260 ## - PUBLICATION, DISTRIBUTION, ETC. (IMPRINT)
Place of publication, distribution, etc UK
Name of publisher, distributor, etc Imagine That Publishing
Date of publication, distribution, etc 2019
300 ## - PHYSICAL DESCRIPTION
Extent unpaged.
Other physical details col. ill.
Dimensions 18 cm.
942 ## - ADDED ENTRY ELEMENTS (KOHA)
Source of classification or shelving scheme
Koha item type Board Book
Holdings
Withdrawn status Lost status Source of classification or shelving scheme Damaged status Not for loan Home library Current library Shelving location Date acquired Total Checkouts Full call number Barcode Date last seen Date checked out Price effective from Koha item type
          Asian Hope Early Years Library Asian Hope Early Years Library Easy Reading 08/18/2025 2 BB E ISA 208555 04/06/2026 03/06/2026 08/18/2025 Board Book

For any Logos Library related questions please contact Miss Art at swongnarasuk@asianhope.org.

For any Asian Hope Library related questions please contact Miss Raza at graza@asianhope.org.

Powered by Koha